| 000 | 00436 a2200181 4500 | ||
|---|---|---|---|
| 999 |
_c12309 _d12309 |
||
| 003 | OSt | ||
| 005 | 20231117154057.0 | ||
| 008 | 231117b ||||| |||| 00| 0 eng d | ||
| 020 | _a9780099429838 | ||
| 040 | _aBMSCA | ||
| 041 | _aeng. | ||
| 082 |
_223 _a853.914 _bCal |
||
| 100 | _a Calvino, Italo | ||
| 245 | _aINVISIBLE CITIES, HARCOURT BRACE JOVANOVICH | ||
| 260 |
_bVintage Classics; _c1997 |
||
| 300 | _a148,p.: | ||
| 942 | _2ddc | ||